Lato /

Hlavní autor: Rudnicki, Adolf, 1912-1990
Jazyk: Polština
Vydáno: Warszawa : Państwowy Instytut Wydawniczy, 1959
Vydání: Wyd. 1.
Fyzický popis: 158 s.
Knihy
Uloženo v:
LEADER 00595nam a22002052a 4500
001 000964849
003 CZ BrMZK
005 20100215091433.0
007 ta
008 090908s1959 pl er|||||||||||pol d
040 |a BOA001  |b cze 
100 1 |a Rudnicki, Adolf,  |d 1912-1990  |7 ola2003169792  |4 aut 
245 1 0 |a Lato /  |c Adolf Rudnicki 
250 |a Wyd. 1. 
260 |a Warszawa :  |b Państwowy Instytut Wydawniczy,  |c 1959 
300 |a 158 s. 
910 |a BOA001  |b 1-0424.636 
990 |a BK 
991 |b 200909 
996 7 |b 2619288494  |c 1-0424.636  |l MZK  |r Sklad / do 1 hodiny  |n 3  |w 000964849  |u 000010  |a 1  |e BOA001  |j MZK50  |s A